Normal view
MARC view
Entry Topical Term
001 - CONTROL NUMBER
- control field: 35101
003 - CONTROL NUMBER IDENTIFIER
- control field: OSt
005 - DATE AND TIME OF LATEST TRANSACTION
- control field: 20230127144513.0
008 - FIXED-LENGTH DATA ELEMENTS
- fixed length control field: 230127|| aca||aabn | a|a d
040 ## - CATALOGING SOURCE
- Original cataloging agency: OSt
- Transcribing agency: OSt
150 ## - HEADING--TOPICAL TERM
- Topical term or geographic name entry element: Appointment of judges, Procedure, UK, India, Constitution, Collegium.
670 ## - SOURCE DATA FOUND
- Source citation: Work cat.: (OSt): Kumar, Suvesh and Singh,Manu 35100, Constitutional reforms act 2005 of UK: A comparison with procedure of appointment of judges in India
